Analýza finančnej situácie, výnosnosti a zmien vo finančnej situácii konkrétnej účtovnej jednotky na podklade údajov z účtovnej závierky podnikateľa diplomová práca

Guardado en:
Detalles Bibliográficos
Autor principal: Slovíková, Lucia
Autor Corporativo: Fakulta hospodárskej informatiky EU. Katedra účtovníctva a audítorstva
Otros Autores: Blahušiaková, Miriama, 1980-
Formato: Libro
Lenguaje:eslovaco
Publicado: Bratislava 2017
Etiquetas: Agregar Etiqueta
Sin Etiquetas, Sea el primero en etiquetar este registro!

MARC

LEADER 00000nbm a2200000 4500
001 0232951
005 20180410103421.1
041 0 |a slo 
044 |a SK 
245 1 0 |a Analýza finančnej situácie, výnosnosti a zmien vo finančnej situácii konkrétnej účtovnej jednotky na podklade údajov z účtovnej závierky podnikateľa  |b diplomová práca  |c Lucia Slovíková ; školiteľ: Miriama Blahušiaková 
264 1 |a Bratislava  |c 2017 
300 |a 65 s. 
100 1 |a Slovíková, Lucia 
700 1 |a Blahušiaková, Miriama, 1980- 
710 2 |a Fakulta hospodárskej informatiky EU. Katedra účtovníctva a audítorstva